| 000 | 00539nam a22001577a 4500 | ||
|---|---|---|---|
| 003 | SGT | ||
| 020 | _a9788190742030 | ||
| 082 |
_a615.53 _bR10L |
||
| 100 | _aLAVEKER, G.S,ed. | ||
| 245 | _aREPORTED MEDICAL PRACTICESON PREVENTION MANAGEMENT OF VECTOR BORNE AND INFECTIONS DISEASE THROUGH AYURVEDA & SIDHA | ||
| 260 |
_aNEW DELHI _bCCRAS _c2010 |
||
| 300 | _a218 | ||
| 650 | _aAYURVEDA | ||
| 653 | _aREPORTED, MEDICAL, PRACTICESON, PREVENTION, MANAGEMENT , VECTOR, BORNE , INFECTIONS , DISEASE, THROUGH AYURVEDA & SIDHA | ||
| 942 |
_2ddc _cBK |
||
| 999 |
_c34645 _d34645 |
||